000
00262nam a2200097Ia 4500
008
200302s9999 xx 000 0 und d
100
_a
Choi Yoon Jeong
245
_a
ACA Architecture competition Annual - VII
260
_b
Archiworld Publication, Korea
300
_a
303
999
_c
7329
_d
7329